000 00389nam a2200169Ia 4500
008 230524s9999 xx 000 0 und d
020 _a9788190691149
082 _a621.38
_bGUP
100 _aJ.B.Gupta
245 0 _aBasic Electronics
250 _a1
260 _aNew Delhi
_bKatson
_c2010
300 _a525p;
500 _aQuantity Number: 1
650 _aElectronics
942 _cBK
999 _c56482
_d56482